| 000 | 00820nam a22002657a 4500 | ||
|---|---|---|---|
| 001 | 001131 | ||
| 003 | DO-SdBPM | ||
| 005 | 20250515123958.0 | ||
| 007 | 001131 | ||
| 008 | 160812b1998 ch a| |g|| 00| 0 spa | ||
| 020 | _a8439702027 | ||
| 040 |
_aDO-SdBPM _bspa _cBPMSU |
||
| 082 | 4 |
_aCh861.44 _bN358p 1998 _222 |
|
| 100 | 1 |
_aNeruda, Pablo, _d1904-1973 _919 |
|
| 245 | 1 | 0 |
_aPoesía de amor / _cPablo Neruda ; seleción de Edgardo Dobry |
| 246 | 1 | 4 | _aNeruda : Tantas veces la besé bajo el cielo infinito |
| 260 |
_aMadrid : _bFundación Pablo Neruda, _c1998 _b |
||
| 300 |
_a69 p. ; _c 19 cm. _b |
||
| 590 | _aInventariado, 2025/VM | ||
| 650 | 4 | _aPoesía chilena | |
| 650 | 4 | _aLiteratura chilena | |
| 700 | 1 |
_a Dobry, Edgardo _eselección _d |
|
| 910 | _aVMateo V. Control de calidad. BPMSU | ||
| 942 |
_2ddc _cBK |
||
| 999 |
_c15056 _d15056 |
||